System dziesiętny Dewey'a - Statystyki

Ogólne statystyki
  • Ten quiz został rozwiązany 260 razy
  • Średni wynik to 7 z 10
Statystyki odpowiedzi
# Kategoria % Poprawnych
900 Historia i geografia
86%
200 Religia
83%
000 Informatyka, informacje i prace ogólne
79%
800 Literatura
79%
100 Filozofia
77%
500 Nauka
72%
700 Sztuka i rekreacja
71%
400 Język
70%
300 Nauki społeczne
64%
600 Technologia
63%
Nie znaleziono quizów pasujących do podanych kryteriów
Rozkład punktacji
Procent ludzi z każdym wynikiem
Percentyl według liczby udzielonych odpowiedzi
Twoja historia wyników
Nie rozwiązałeś tego quizu